UK Counties - Statistics

General Stats
  • This quiz has been taken 562 times
    551 since last reset
  • The average score is 25 of 99
Answer Stats
Wales % Correct
Cornwall
77%
Yorkshire
76%
Devon
73%
Sussex
67%
Kent
65%
Essex
64%
Norfolk
60%
Cambridgeshire
57%
Cumbria
57%
Oxfordshire
57%
Lancashire
56%
Lincolnshire
55%
Dorset
51%
Hampshire
51%
Suffolk
51%
Cheshire
49%
Derbyshire
48%
Hertfordshire
47%
Leicestershire
47%
Somerset
47%
Northumberland
46%
Nottinghamshire
46%
Gloucestershire
45%
Surrey
45%
Berkshire
44%
Buckinghamshire
44%
Durham
41%
Worcestershire
41%
Bedfordshire
39%
Wiltshire
39%
Shropshire
38%
Warwickshire
38%
Aberdeenshire
37%
Northamptonshire
35%
Rutland
35%
Staffordshire
34%
Cardiff
30%
Pembrokeshire
25%
Vale of Glamorgan
24%
Middlesex
23%
Powys
23%
Swansea
23%
Isle of Anglesey
21%
Monmouthshire
21%
Londonderry
19%
Shetland
19%
Carmarthenshire
18%
Fife
18%
Perthshire
18%
Armagh
16%
Ayrshire
16%
County Down
16%
Orkney
16%
East Lothian/Haddingtonshire
15%
Antrim
14%
Gwynedd
14%
Midlothian/Edinburghshire
14%
Newport
14%
West Lothian/Linlithgowshire
14%
Flintshire
13%
Lanarkshire
13%
Ceredigion
12%
Inverness-shire
12%
Tyrone
12%
Denbighshire
11%
Renfrewshire
10%
Wrexham
10%
Conwy
9%
Stirlingshire
9%
Fermanagh
8%
Caithness
7%
Dumfriesshire
7%
Rhondda Cynon Taff
7%
Argyllshire
6%
Berwickshire
6%
Caerphilly
6%
Huntingdonshire
6%
Ross-shire
6%
Blaenau Gwent
5%
Clackmannanshire
5%
Dumbartonshire
5%
Kirkcudbrightshire
5%
Merthyr Tydfil
5%
Morayshire
5%
Neath Port Talbot
5%
Sutherland
5%
Torfaen
5%
Banffshire
4%
Bridgend
4%
Kinross-shire
4%
Nairnshire
4%
Buteshire
3%
Kincardineshire
3%
Peeblesshire
3%
Selkirkshire
3%
Westmoreland
3%
Wigtownshire
3%
Angus/Forfarshire
2%
Cromartyshire
2%
No matching quizzes found
Score Distribution
Percent of People with Each Score
Percentile by Number Answered
Your Score History
You have not taken this quiz since the last reset